| 000 | 00376nam a2200145Ia 4500 | ||
|---|---|---|---|
| 008 | 221030s9999 xx 000 0 und d | ||
| 020 | _a9789388267113 | ||
| 041 | _aEnglish | ||
| 100 | _aK. D. Gaur | ||
| 245 | 0 |
_aLeading Cases on Criminal Law _cby K. D. Gaur |
|
| 260 |
_bCentral Law Publications _aAllahabad _c2019 |
||
| 300 | _a800 | ||
| 650 | _aCriminal Law | ||
| 942 | _cBK | ||
| 999 |
_c18998 _d18998 |
||